Films du studio Ghibli - Statistiques

Statistiques générales
  • Ce quiz a été pris 197 fois
  • Le résultat moyen est 14 sur 23
Statistiques - réponses
Année Réponse % Correct
2004 Le Château ambulant
97%
1988 Mon voisin Totoro
95%
1986 Le Château dans le ciel
94%
2001 Le Voyage de Chihiro
92%
1997 Princesse Mononoké
90%
1989 Kiki la petite sorcière
77%
2008 Ponyo sur la falaise
77%
1992 Porco Rosso
75%
1988 Le Tombeau des lucioles
73%
2013 Le vent se lève
69%
2002 Le Royaume des chats
64%
2011 La Colline aux coquelicots
61%
2010 Arrietty, le petit monde des chapardeurs
57%
2014 Souvenirs de Marnie
56%
2013 Le Conte de la princesse Kaguya
53%
1994 Pompoko
52%
1995 Si tu tends l'oreille
51%
2006 Les Contes de Terremer
44%
1999 Mes voisins les Yamada
41%
1991 Souvenirs goutte à goutte
36%
1993 Je peux entendre l'océan
34%
2016 La Tortue rouge
34%
2020 Aya et la Sorcière
24%
Aucun quiz correspondant
Distribution des résultats
% des personnes avec chaque résultat
Percentile par nombre de réponses
Votre historique - résultats
Vous n’avez pas pris ce quiz